|
|
|
|
| LEADER |
00000nab a2200000 a 4500 |
| 001 |
vtls000736375 |
| 003 |
SK-MaSNL |
| 005 |
20260304002956.0 |
| 008 |
180206c2000 xo 0 slo |
| 015 |
|
|
|a SNBRA2000/11-26890
|
| 035 |
|
|
|a CLN000088242
|
| 040 |
|
|
|a SNKBUCL
|b slo
|c SNKBUCL
|e AACR2
|
| 041 |
0 |
|
|a slo
|
| 044 |
|
|
|a xo
|c SK
|
| 080 |
|
|
|a 262.12:282:061.25(437.6):374.7
|2 UDC-MRF-SK2
|
| 080 |
|
|
|a 374.7:282
|2 UDC-MRF-SK2
|
| 100 |
1 |
|
|a Kossey, Pavol,
|d 1957-
|4 aut
|9 8621
|
| 245 |
1 |
0 |
|a Fórum kresťanského vzdelávania dospelých
|c Pavol Kossey
|
| 610 |
2 |
7 |
|a Katolícka cirkev.
|b Konferencia biskupov Slovenska.
|b Komisia pre laikov
|2 SNK
|9 1281020
|
| 648 |
|
7 |
|a 2000
|2 SNK
|9 295137
|
| 648 |
|
7 |
|a 7.10.2000
|2 SNK
|9 1281021
|
| 650 |
0 |
7 |
|a vzdelávanie dospelých kresťanské
|2 snkbucl
|9 1281022
|
| 655 |
|
7 |
|a články z novín a časopisov
|2 snkbucl
|9 267496
|
| 773 |
0 |
|
|x 0139-8512
|t Katolícke noviny
|g Roč. 115, č. 43 (2000), s. 3
|
| 850 |
|
|
|a Slovenská národná knižnica v Martine
|
| 852 |
|
|
|a SNK
|b KIS3GCP
|
| 958 |
|
|
|a RBX
|
| 999 |
|
|
|c 2544727
|d 2546657
|